Системное мышление: творческий холизм для менеджеров: пер. с англ.

Manylion Llyfryddiaeth
Prif Awdur: Джексон М. С. Майкл С.
Awdur Corfforaethol: Национальный исследовательский Томский государственный университет (ТГУ)
Crynodeb:Книга является энциклопедическим обзором десяти системных подходов к решению проблем в управлении социальными системами - организациями любого профиля и формы собственности. Множественность подходов вызвана тем, что успешное управле­ние должно учитывать особенность сложностей управляемой системы, а каждый тип сложности преодолевается по-своему. Ведущий мировой авторитет в системных науках проф. Рассел Акофф так охарактеризовал этот труд: «...книга является самым лучшим из известных мне обзором системных методологий, и я советую прочесть её всем, кто име­ет дело с системами». Рекомендуется к обязательному чтению менеджерам на любых уровнях управленче­ской иерархии, а также студентам любых профессий, если они планируют делать карье­ру в своей предстоящей деятельности.
Iaith:Rwseg
Cyhoeddwyd: Томск, Издательский дом ТГУ, 2016
Cyfres:Монографии выдающихся зарубежных исследователей: впервые на русском языке. Управленческие науки
Pynciau:
Fformat: Llyfr
KOHA link:https://koha.lib.tpu.ru/cgi-bin/koha/opac-detail.pl?biblionumber=332684

MARC

LEADER 00000nam0a2200000 4500
001 332684
005 20231102004459.0
010 |a 9785946215442 
035 |a (RuTPU)RU\TPU\book\358642 
090 |a 332684 
100 |a 20170529d2016 k y0rusy50 ca 
101 1 |a rus  |c eng 
102 |a RU 
105 |a a z 001zy 
200 1 |a Системное мышление: творческий холизм для менеджеров  |e пер. с англ.  |f М. С. Джексон  |g Национальный исследовательский Томский государственный университет (ТГУ) 
210 |a Томск  |c Издательский дом ТГУ  |d 2016 
215 |a 402 с.  |c ил. 
225 1 |a Монографии выдающихся зарубежных исследователей: впервые на русском языке. Управленческие науки 
320 |a Библиогр. в конце ч. 
330 |a Книга является энциклопедическим обзором десяти системных подходов к решению проблем в управлении социальными системами - организациями любого профиля и формы собственности. Множественность подходов вызвана тем, что успешное управле­ние должно учитывать особенность сложностей управляемой системы, а каждый тип сложности преодолевается по-своему. Ведущий мировой авторитет в системных науках проф. Рассел Акофф так охарактеризовал этот труд: «...книга является самым лучшим из известных мне обзором системных методологий, и я советую прочесть её всем, кто име­ет дело с системами». Рекомендуется к обязательному чтению менеджерам на любых уровнях управленче­ской иерархии, а также студентам любых профессий, если они планируют делать карье­ру в своей предстоящей деятельности. 
606 1 |a Менеджмент  |x Зарубежный опыт  |2 stltpush  |3 (RuTPU)RU\TPU\subj\72893  |9 86248 
610 1 |a экономика 
610 1 |a управление 
610 1 |a системное мышление 
610 1 |a социальные системы 
610 1 |a холизм 
610 1 |a творчество 
610 1 |a продвижение 
610 1 |a системная динамика 
610 1 |a кибернетика 
610 1 |a стратегическое планирование 
610 1 |a стратегическое управление 
610 1 |a стратегическое предположение 
610 1 |a интерактивное планирование 
610 1 |a менеджеры 
610 1 |a командные методы 
686 |a У821  |v LBC/SL-A  |2 rubbk 
700 1 |a Джексон  |b М. С.  |g Майкл С. 
712 0 2 |a Национальный исследовательский Томский государственный университет (ТГУ)  |c (2009- )  |2 stltpush  |3 (RuTPU)RU\TPU\col\17230 
801 1 |a RU  |b 63413507  |c 20170529 
801 2 |a RU  |b 63413507  |c 20170606  |g RCR 
942 |c BK